000 00805nam a2200241Ii 4500
003 JO-AjNU
008 230605s9999||||xx |||||||||||||| ||und||
017 _a2006/8662
020 _a977-408-132-3
040 _aJO-AjNU
_bara
_erda
_cJO-AjNU
041 _aara
050 1 4 _aHD69.2008
100 3 _aطوبار،مي,
_eauthor
_929984
245 0 0 _aدراسة الجدوى ونظام feasibility study and B.O.T system= B.O.T
250 _aط2 العربية
264 3 1 _aالقاهرة:دار الفاروق للاستثمارات الثقافية،2008
300 _a240ص
336 _atext
_btxt
_2rdacontent
337 _aunmediated
_bn
_2rdamedia
338 _avolume
_bnc
_2rdacarrier
490 0 _aمهارات الادارة الحديثة
650 4 _aدراسة الجدوى
_929985
999 _aA11830
_c15398
_d15398